Back to School Supplies Quiz Stats

 Plays Quiz Updated Sep 24, 2014

Challenge
Share
Tweet
Score 0/20 Timer 04:00
5 Plays Today
% Correct
Laptop
99.3%
Textbooks
98.8%
Pencil
98.5%
Book Bag
98.2%
Glue Stick
98.1%
Crayons
98%
Scissors
97.8%
Eraser
97.8%
Ruler
97.8%
Calculator
97.3%
% Correct
Tape
96.5%
Notebooks
96%
Folders/binders
95.8%
Stapler
95.1%
Highlighter
95.1%
Post-it Notes
94.9%
Paper Clips
94.6%
Memory Stick
89.9%
Compass
86.1%
Protractor
85.4%

You're not logged in!

Compare scores with friends on all Sporcle quizzes.
Join for Free
OR
Log In

You Might Also Like...

Show Comments

Extras

Top Quizzes Today


Score Distribution

Your Account Isn't Verified!

In order to create a playlist on Sporcle, you need to verify the email address you used during registration. Go to your Sporcle Settings to finish the process.

Report this User

Report this user for behavior that violates our Community Guidelines.

Details: